000 01282nam a2200337Ia 4500
001 ebr10464328
003 CaPaEBR
006 m u
007 cr cn|||||||||
008 080317s2008 ilu sb 001 0 eng d
010 _z 2008012340
020 _z9780812696318
020 _z081269631X
040 _aCaPaEBR
_cCaPaEBR
035 _a(OCoLC)714569635
050 1 4 _aB2430.S34
_bD456 2008eb
082 0 4 _a194
_222
100 1 _aDetmer, David,
_d1958-
245 1 0 _aSartre explained
_h[electronic resource] :
_bfrom bad faith to authenticity /
_cDavid Detmer.
260 _aChicago, Ill. :
_bOpen Court,
_cc2008.
300 _axi, 233 p.
490 1 _aIdeas explained ;
_vv. 6
504 _aIncludes bibliographical references (p. 217-228) and index.
533 _aElectronic reproduction.
_bPalo Alto, Calif. :
_cebrary,
_d2011.
_nAvailable via World Wide Web.
_nAccess may be limited to ebrary affiliated libraries.
600 1 0 _aSartre, Jean-Paul,
_d1905-1980.
650 0 _aPhilosophy, French
_y20th century.
655 7 _aElectronic books.
_2local
710 2 _aebrary, Inc.
830 0 _aIdeas explained series ;
_v6.
856 4 0 _uhttp://site.ebrary.com/lib/rucke/Doc?id=10464328
_zAn electronic book accessible through the World Wide Web; click to view
999 _c128243
_d128243